Photocatalytic degradation of polystyrene plastic under fluorescent light /
Сохранить в:
| Главный автор: | |
|---|---|
| Другие авторы: | , |
| Формат: | Статья |
| Язык: | English |
| Предметы: | |
| Метки: |
Добавить метку
Нет меток, Требуется 1-ая метка записи!
|
| Thư viện lưu trữ: | Thư viện Trường Đại học Đà Lạt |
|---|
| LEADER | 00977nam a2200325 4500 | ||
|---|---|---|---|
| 001 | DLU090094081 | ||
| 005 | ##20091201 | ||
| 040 | # | # | |a DLU |b eng |
| 041 | # | # | |a eng |
| 044 | # | # | |a us |
| 100 | # | # | |a Shang, Jing. |
| 245 | # | # | |a Photocatalytic degradation of polystyrene plastic under fluorescent light / |c Jing Shang, Ming Chai, Yongfa Zhu. |
| 653 | # | # | |a Metallophthalocyanine |
| 653 | # | # | |a Organic ligands |
| 653 | # | # | |a Photosensitizer |
| 653 | # | # | |a Reaction mechanism |
| 653 | # | # | |a Titanium oxide |
| 653 | # | # | |a Ultraviolet radiation |
| 700 | # | # | |a Chai, Ming. |
| 700 | # | # | |a Zhu, Yongfa. |
| 773 | # | # | |t Environmental Science & Technology |g Vol. 37, no. 19 (October 2003), p. 4494-4499 |
| 920 | # | # | |a Phòng Tạp chí -- Trung tâm Thông tin - Thư viện Trường Đại học Đà Lạt |
| 994 | # | # | |a DLU |
| 900 | # | # | |a True |
| 911 | # | # | |a Trương Bảo Trâm Anh |
| 925 | # | # | |a G |
| 926 | # | # | |a A |
| 927 | # | # | |a BB |
| 980 | # | # | |a Thư viện Trường Đại học Đà Lạt |